Statistics for Little Mix trivia!

Click here to take the quiz!

General Stats

  • This quiz has been taken 213 times
    (202 since last reset)
  • The average score is 15 of 24

Answer Stats

ClueAnswer% Correct
What is Perrie's surname?Edwards
97%
What is Jesy's surname?Nelson
95%
What is Leigh-anne's surname?Pinnock
94%
The name of their first albumDNA
91%
The name of their fourth albumGlory Days
88%
The name of their second albumSalute
88%
Which talent show did they win?X-Factor UK
88%
The name of their third albumGet Weird
84%
In which week did they have to change their band name?4
79%
What was the name of their winner's single?Cannonball
79%
What is Jade's surname?Thirlwall
76%
Who was their mentor on the show?Tulisa
76%
What was their original name?Rhythmix
70%
Which accent is Jesy trying to do in the viral accent challenge video?Jamaican
68%
What is the name of the town that 2 of the members were born?South Shields
68%
Which members are from above the place?Jade and Perrie
67%
In which month have all 4 albums been released?November
66%
How many promotional singles have charted in the UK Top 100 charts?7 (Hair - the album version; Weird People; Grown;You Gotta Not; F.U.; These Four Walls and Oops)
56%
Which of their videos was directed by Director X and Parri$ Goebel?Touch
28%
Name the 2 boy bands that joined the 2011 contestants on the charity single 'Wishing on a Star'?One Direction and JLS
21%
Glory Days broke which girlbands fastest selling number one album record?Destiny's Child
18%
Name both books officially released by the groupReady to Fly and Our World
16%
In which city did the UK & Ireland Salute Tour start?Birmingham
6%
Where did the girls perform Wings for the first time on the 1st of July?T4 on the Beach
3%

Score Distribution

Percentile by Number Answered

Percent of People with Each Score

Your Score History

You have not taken this quiz since the last reset